Cómo adiestrar mejores dirigentes / (Record no. 87245)

MARC details
000 -LEADER
campo de control de longitud fija 00575nam a2200181 i 4500
001 - NÚMERO DE CONTROL
campo de control 87245
003 - IDENTIFICADOR DE NÚMERO DE CONTROL
campo de control ES-MaACL
005 - FECHA Y HORA DE LA ÚLTIMA TRANSACCIÓN
campo de control 20230906175628.0
007 - CAMPO FIJO DE DESCRIPCIÓN FÍSICA--INFORMACIÓN GENERAL
campo de control de longitud fija t|
008 - DATOS DE LONGITUD FIJA--INFORMACIÓN GENERAL
campo de control de longitud fija 041220s1965 ag ||||1| spa d
100 1# - ENTRADA PRINCIPAL--NOMBRE DE PERSONA
Nombre de persona Knowles, Malcolm.
9 (RLIN) 68375
245 10 - MENCIÓN DEL TÍTULO
Título Cómo adiestrar mejores dirigentes /
Mención de responsabilidad, etc. Malcolm y Hulda Knowles ; [traducción por Enrique Alt].
260 ## - PUBLICACIÓN, DISTRIBUCIÓN, ETC.
Lugar de publicación, distribución, etc. Buenos Aires :
Nombre del editor, distribuidor, etc. Editorial Bibliográfica-Argentina,
Fecha de publicación, distribución, etc. [1965]
300 ## - DESCRIPCIÓN FÍSICA
Extensión 77 p. ;
Dimensiones 20 cm.
700 1# - ENTRADA AGREGADA--NOMBRE PERSONAL
Nombre de persona Knowles, Hulda.
9 (RLIN) 68373
700 1# - ENTRADA AGREGADA--NOMBRE PERSONAL
Nombre de persona Alt, Enrique.
9 (RLIN) 20501
852 ## - LOCALIZACIÓN
Ubicación ES-MaACL
Número de control de estantería C-28827
Sublocalización o colección R.58298
Holdings
Estatus retirado Estado de pérdida Estado de daño No para préstamo Biblioteca de origen Biblioteca actual Ubicación en estantería Fecha de adquisición Fuente de adquisición Total de préstamos Signatura topográfica completa Código de barras Visto por última vez Precio de reemplazo Tipo de ítem Koha
        Biblioteca del Ateneo de Madrid Biblioteca del Ateneo de Madrid Depósito 2 17/01/2008     C-28827 1091151 23/02/2023 23/02/2023 Libro impreso